000 00287nam a2200097Ia 4500
005 20251222114340.0
008 251222s1900||||xx |||||||||||||| ||spa||
082 _aDVD0120/S79/2001
245 0 _aBeethoven the complete violín sonatas:Las Sonatas completas de Beethoven en violín
942 _cDVD
999 _c825
_d825